00773cam a22002177a 4500003000500000005001700005008004100022010001000063011001000073035001000083040000900093100003900102245017500141260003700316300002000353502005500373650002300428650005700451650002000508650002700528CHAP20220817043426.0980318d1997 mx a r 00110 spa d a75028 a76000 a85574 cCHAP00aBaldoceda Ponce, Yordan Américo.10aDesarrollo de un programa computacional para el diseño de sistemas de microirrigación microaspersión (Visual Microirri V 1.0)c/por Yordan Américo Baldoceda Ponce aMarín, N.L. :bEl autor,c1997 a237 h. :bilus. aTesis (Ing. Agr.) -- UANL. Facultad de Agronomía14aMicroirrigación.14aProcesamiento automático de datos en irrigación.14aProgramación.14aRiego por aspersión.